| 000 | 00435nam a2200169Ia 4500 | ||
|---|---|---|---|
| 008 | 210210b1998 xxu||||| |||| 00| 0 eng d | ||
| 020 | _a81 87167 05 X | ||
| 041 | _aeng | ||
| 082 | _a574.29 JOSI | ||
| 100 | _aJOSHI (K R) & OSAMA (N O). | ||
| 245 | _aImmunology. | ||
| 260 |
_aNew Delhi. _bAgro Botanica _c1998 |
||
| 300 | _a- | ||
| 650 | _aSerology Immuno Pathology Immunohaematology | ||
| 690 | _aImmunology | ||
| 906 | _aSG03822 | ||
| 999 |
_c114584 _d114584 |
||